00882nam a22002417a 45000010005000000030006000050050017000110080041000280200018000690400029000870500011001161000028001272450094001552600049002493000048002984900024003465050008003705200151003785210029005295210020005586500028005787000034006064502FISKH20240912113107.0240912b cb ||||| |||| 00| 0 eng d a9780448450698 aFISKHbengcFISKHdFISKH aPE1119 aSander, Sonia dAdaptor aGoldilocks and the three bears / cAdapted by Sonia Sander : illustrated by John Huxtable aNew York : bPenguin Young Readers ; c2009. a30 pages : bcolor illustrations;c24 cm .  aAll aboard reading  aG  aThe Super Readers fly into the story of Goldilocks and the Three Bears to see what Goldilocks does when she makes a mess in the Three Bears house.8 a400 bLexile estimate 8 aG bRaz-Plus  asuperhero vfairy tales aHuxtable, John eillustrator